| 000 | nam a22 7a 4500 | ||
|---|---|---|---|
| 999 |
_c128050 _d128050 |
||
| 008 | 180828b xxu||||| |||| 00| 0 eng d | ||
| 050 | _aBX3701.C1 2017 | ||
| 100 |
_aJESUITS _98842 |
||
| 245 | _a36TH General Congregation Documents | ||
| 250 | _aPrivate Edition | ||
| 260 |
_aNairobi _bJesuit Conference of Major Superiors of Africa and Madagascar _c2017 |
||
| 300 |
_a116p. _c23cm. |
||
| 650 |
_aJesuits _xCongregation _941839 |
||
| 942 |
_2lcc _cMONOGRAPH |
||